000 00795nam a22002297a 4500
005 20170124110105.0
010 _aA-943780
020 _c00.00
_a8176480606
035 _aA-943780
037 _bCen Lib/Ret
040 _aDPL
_bEN
082 _a658.15
_bKHA
100 _aKhan, Mohammed Akbar Ali
_928013
245 _aHospital management :
_cby Mohammed Akbar Ali Khan
_ba focus of financing and cost efficiency of Public hospitals /
260 _bA.P.H Publishing Corporation
_aNew Delhi
_c1999
270 _a5, Ansari Road, Daryaganj
_bNew Delhi
_e110002
300 _axix,252p.
_c21cm(Hb)
500 _aIncludes bibliographical references and index
650 _aManagement
_93072
650 _aManagement audit in Hospitals
_928014
942 _2ddc
_cEN
_h658.15
_mKHA
999 _c129996
_d129996